| 000 | 006000000a22001810004500 | ||
|---|---|---|---|
| 005 | 20170207115815.0 | ||
| 008 | 170207b xxu||||| |||| 00| 0 spa d | ||
| 040 |
_aCO-BoIAVH _cCO-BoIAVH |
||
| 041 | _aspa | ||
| 090 |
_aMM _b00250 |
||
| 110 | 1 |
_aAgencia Colombiana de Cooperación Internacional _978976 |
|
| 245 | 1 | 0 |
_aMapa de la cooperación internacional de Colombia _scomponente forestal |
| 257 | _aColombia | ||
| 264 |
_aBogotá: _bAgencia Colombiana de Cooperación Internacional, _cs.f. |
||
| 300 |
_aCD-ROM _b1 |
||
| 650 |
_aCooperación internacional _xbosques _978977 |
||
| 942 |
_cCD-ROM _2z |
||
| 999 |
_c16635 _d16635 |
||